[Event "IV Festival A"]
[Site "Cesenatico ITA"]
[Date "1999.08.??"]
[Round "1"]
[White "Di Lazzaro, Gabriele"]
[Black "Maio, Matteo"]
[Result "1/2-1/2"]
[WhiteElo "2015"]
[BlackElo "2137"]
[PlyCount "109"]
[EventDate "1999.08.30"]

1. e4 c5 2. c3 d5 3. exd5 Qxd5 4. d4 cxd4 5. cxd4 Nc6 6. Nf3 Bg4 7. Be2 e6 8.
O-O Nf6 9. Nc3 Qd8 10. Qa4 Bd6 11. Bg5 O-O 12. d5 Bxf3 13. Bxf3 Ne5 14. Be2 h6
15. Bxf6 Qxf6 16. dxe6 Qxe6 17. Rad1 a6 18. Qe4 Bc5 19. Qd5 b6 20. Qxe6 fxe6
21. a3 a5 22. Ne4 Be7 23. f4 Ng6 24. g3 Rad8 25. Bc4 Kh8 26. Bxe6 Rxd1 27. Rxd1
Rd8 28. Rxd8+ Bxd8 29. a4 Nf8 30. Bd5 Nd7 31. b3 Nf6 32. Nc3 Be7 33. Bf3 Kg8
34. Bd5+ Kf8 35. Bc4 Bc5+ 36. Kg2 Ng4 37. h3 Ne3+ 38. Kf3 Nf5 39. g4 Nd6 40.
Nd5 Bd4 41. h4 Bc5 42. h5 Bd4 43. g5 Bc5 44. Nc7 Ke7 45. Ne6 Nxc4 46. Nxc5 Nd2+
47. Ke2 Nb1 48. Ne4 Ke6 49. Kf3 Na3 50. gxh6 gxh6 51. Kg4 Nc2 52. f5+ Ke5 53.
f6 Ke6 54. f7 Kxf7 55. Nd6+ 1/2-1/2

[Event "IV Festival A"]
[Site "Cesenatico ITA"]
[Date "1999.08.??"]
[Round "1"]
[White "Fuellgrabe, Thomas"]
[Black "Franza, Marco"]
[Result "1/2-1/2"]
[WhiteElo "2197"]
[BlackElo "2009"]
[PlyCount "117"]
[EventDate "1999.08.30"]

1. e4 c5 2. Nf3 d6 3. d4 Nf6 4. Nc3 cxd4 5. Nxd4 g6 6. Be3 Bg7 7. f3 Nc6 8. Qd2
O-O 9. O-O-O d5 10. exd5 Nxd5 11. Nxc6 bxc6 12. Bd4 e5 13. Bc5 Re8 14. Ne4 f5
15. Nd6 Bf8 16. Nxe8 Bxc5 17. c4 f4 18. Kb1 Be3 19. Qe1 Qxe8 20. cxd5 cxd5 21.
Rxd5 Be6 22. Bb5 Qf7 23. Rd1 Bxa2+ 24. Ka1 Be6 25. Qa5 Bd4 26. Rd2 Rc8 27. Ba6
Rc6 28. Kb1 Kg7 29. Rhd1 Bf5+ 30. Bd3 Qc4 31. Bxf5 gxf5 32. Qa2 Qc5 33. Qa3 Qc4
34. Qd3 Qe6 35. Rc2 Ra6 36. Qc4 Qxc4 37. Rxc4 Rg6 38. Rd2 Be3 39. Rdc2 Bb6 40.
Rc6 e4 41. Rxg6+ hxg6 42. fxe4 fxe4 43. Rc4 f3 44. gxf3 exf3 45. Rf4 f2 46. Kc2
Kh6 47. Kd3 Kg5 48. Rf3 Kg4 49. Ke2 g5 50. b4 Bd4 51. Rd3 Bb6 52. Rc3 Kf4 53.
Kf1 Ke4 54. Kg2 Kf4 55. Rf3+ Ke4 56. Rf6 Bd4 57. Rc6 Be3 58. Rc8 Bb6 59. Kf1
1/2-1/2

[Event "IV Festival A"]
[Site "Cesenatico ITA"]
[Date "1999.08.??"]
[Round "1"]
[White "Gaiba, Paolo"]
[Black "Drazic, Sinisa"]
[Result "1/2-1/2"]
[WhiteElo "2149"]
[BlackElo "2493"]
[PlyCount "117"]
[EventDate "1999.08.30"]

1. e4 c5 2. d4 cxd4 3. c3 d3 4. Bxd3 Nc6 5. Ne2 Nf6 6. O-O d6 7. Na3 e6 8. Be3
Be7 9. Ng3 O-O 10. f4 b6 11. Qe2 Bb7 12. Rad1 Qc8 13. Nc2 Qc7 14. Nd4 Rad8 15.
Bb1 Kh8 16. Nb5 Qb8 17. Nd4 Qc7 18. Rd2 Kg8 19. Rfd1 g6 20. Kh1 Rfe8 21. a3 Bf8
22. Qc4 Qc8 23. Qe2 Qc7 24. Nb5 Qb8 25. Nd4 Qa8 26. h3 Nxd4 27. Rxd4 Qb8 28.
Qf2 Bh6 29. f5 Bxe3 30. Qxe3 Qc7 31. Qg5 Qe7 32. Re1 Nh5 33. f6 Nxg3+ 34. Qxg3
Qf8 35. Red1 e5 36. R4d2 Qh6 37. Qf3 Qh4 38. Kh2 Re6 39. Rf2 h5 40. g3 Qg5 41.
Ba2 Ree8 42. Rfd2 Bc8 43. Rxd6 Rxd6 44. Rxd6 Qc1 45. Qe2 Be6 46. Bxe6 Rxe6 47.
Rxe6 fxe6 48. Qb5 Qd2+ 49. Kg1 Qe1+ 50. Kh2 Qd2+ 51. Kg1 Qe3+ 52. Kh2 Qf2+ 53.
Kh1 Qf3+ 54. Kh2 Qf2+ 55. Kh1 Qxf6 56. Qe8+ Kg7 57. Kg2 h4 58. Qd7+ Kh6 59.
Qd2+ 1/2-1/2

[Event "IV Festival A"]
[Site "Cesenatico ITA"]
[Date "1999.08.??"]
[Round "1"]
[White "Grigore, George-Gabriel"]
[Black "Gaido, Paolo"]
[Result "1-0"]
[WhiteElo "2526"]
[BlackElo "2154"]
[PlyCount "79"]
[EventDate "1999.08.30"]

1. d4 Nf6 2. c4 g6 3. Nc3 Bg7 4. e4 d6 5. Be2 O-O 6. Nf3 e5 7. O-O exd4 8. Nxd4
Re8 9. f3 Nc6 10. Be3 Nh5 11. Qd2 Nxd4 12. Bxd4 Nf4 13. Rfd1 Nxe2+ 14. Nxe2 Be6
15. Nf4 Be5 16. Bxe5 dxe5 17. Qa5 Bd7 18. Nd5 b6 19. Qa3 Kg7 20. c5 c6 21. Ne3
Qc7 22. Nc4 Be6 23. Nd6 Red8 24. Kh1 f6 25. b3 Rd7 26. Rd2 bxc5 27. Qxc5 Rad8
28. Rad1 Qb6 29. b4 Qxc5 30. bxc5 Kf8 31. Rb1 Ke7 32. Kg1 h5 33. Kf2 Rh8 34.
Rb4 Rc7 35. a3 Rf8 36. Rdb2 Rd8 37. Rb8 Rxb8 38. Rxb8 Bf7 39. Ke3 Ke6 40. Kd3
1-0

[Event "IV Festival A"]
[Site "Cesenatico ITA"]
[Date "1999.08.??"]
[Round "1"]
[White "Kamp, Christoph"]
[Black "Cadelli, Luciano"]
[Result "1-0"]
[WhiteElo "2333"]
[BlackElo "2116"]
[PlyCount "45"]
[EventDate "1999.08.30"]

1. c4 c5 2. Nf3 Nf6 3. Nc3 Nc6 4. d4 cxd4 5. Nxd4 e6 6. g3 Be7 7. Bg2 O-O 8.
O-O a6 9. b3 Qc7 10. Bb2 b6 11. Rc1 Bb7 12. Nd5 Qd8 13. Nxe7+ Qxe7 14. Qd2 Rfd8
15. Rfd1 Rac8 16. Qe3 Rb8 17. h3 Ba8 18. Bxc6 dxc6 19. Nf5 Qf8 20. Nh6+ Kh8 21.
Rxd8 Rxd8 22. Qxb6 Qe7 23. Qxd8+ 1-0

[Event "IV Festival A"]
[Site "Cesenatico ITA"]
[Date "1999.08.??"]
[Round "1"]
[White "Lagrotteria, Salvatore"]
[Black "Rossi, Giampiero"]
[Result "1/2-1/2"]
[WhiteElo "2204"]
[BlackElo "2020"]
[PlyCount "108"]
[EventDate "1999.08.30"]

1. d4 d5 2. Nf3 c6 3. e3 Bf5 4. Bd3 Bxd3 5. Qxd3 e6 6. O-O Nf6 7. c4 Nbd7 8.
cxd5 exd5 9. Nc3 Be7 10. b3 O-O 11. Bb2 Bd6 12. Ne2 Qe7 13. Ng3 g6 14. Rfe1
Rfe8 15. Nd2 Bxg3 16. hxg3 Ne4 17. Nf1 Qg5 18. Qe2 Re6 19. Nh2 Rae8 20. Qg4
Qxg4 21. Nxg4 h5 22. Nh2 Ndf6 23. Nf1 a6 24. Rac1 Nd6 25. Rc2 Ng4 26. Nd2 Nh6
27. a4 Nhf5 28. Nf3 f6 29. Rb1 Ne4 30. Ba3 Kf7 31. Bc5 g5 32. Nd2 Nxd2 33. Rxd2
h4 34. gxh4 Nxh4 35. b4 Nf5 36. b5 axb5 37. axb5 Nd6 38. bxc6 bxc6 39. Bxd6
Rxd6 40. Rc2 Ke6 41. Rb6 Rc8 42. g4 Kd7 43. Rc5 Re6 44. Kg2 Rc7 45. Rb8 Rc8 46.
Rxc8 Kxc8 47. Kf3 Kd7 48. Ke2 Kd6 49. Ra5 Re4 50. f3 Re7 51. Kd3 Rh7 52. e4 Rh3
53. Ke3 Rh1 54. exd5 cxd5 1/2-1/2

[Event "IV Festival A"]
[Site "Cesenatico ITA"]
[Date "1999.08.??"]
[Round "1"]
[White "Naumkin, Igor"]
[Black "Niermann, Rainer"]
[Result "1-0"]
[WhiteElo "2489"]
[BlackElo "2147"]
[PlyCount "49"]
[EventDate "1999.08.30"]

1. d4 c5 2. d5 Nf6 3. Nf3 e6 4. c4 exd5 5. cxd5 d6 6. Nc3 g6 7. e4 Bg7 8. Be2
O-O 9. O-O a6 10. a4 Re8 11. Nd2 Nbd7 12. Qc2 Rb8 13. f4 Qc7 14. Kh1 h5 15. h3
b6 16. Nf3 c4 17. e5 dxe5 18. fxe5 Nxe5 19. Nxe5 Rxe5 20. Bf4 Bf5 21. Qd2 Rbe8
22. d6 Qc5 23. Bxe5 Qxe5 24. Bxc4 Qg3 25. Qf4 1-0

[Event "IV Festival A"]
[Site "Cesenatico ITA"]
[Date "1999.08.??"]
[Round "1"]
[White "Perich, Stefano"]
[Black "Malesevic, Vitomir"]
[Result "0-1"]
[WhiteElo "2059"]
[BlackElo "2263"]
[PlyCount "70"]
[EventDate "1999.08.30"]

1. Nf3 d5 2. d4 Bf5 3. c4 c6 4. e3 e6 5. Nc3 Bd6 6. Bd3 Bxd3 7. Qxd3 Nf6 8. e4
dxe4 9. Nxe4 Nxe4 10. Qxe4 Bb4+ 11. Bd2 Qa5 12. a3 Bxd2+ 13. Nxd2 Nd7 14. O-O-O
Nf6 15. Qf3 O-O 16. Ne4 Nxe4 17. Qxe4 b5 18. Rd3 bxc4 19. Rc3 Qd5 20. Qxd5 cxd5
21. f4 g6 22. g4 Rab8 23. Rf1 Rb6 24. f5 exf5 25. gxf5 Rf6 26. Rcf3 Kg7 27. h4
Re8 28. Kd2 Re4 29. Rf4 Rxf4 30. Rxf4 Rxf5 31. Rxf5 gxf5 32. Ke3 Kg6 33. Kf4
Kh5 34. Kxf5 Kxh4 35. Ke5 f5 0-1

[Event "IV Festival A"]
[Site "Cesenatico ITA"]
[Date "1999.08.??"]
[Round "1"]
[White "Prelati, Maurizio"]
[Black "Ciolac, Gheorghe"]
[Result "1/2-1/2"]
[WhiteElo "2129"]
[BlackElo "2364"]
[PlyCount "88"]
[EventDate "1999.08.30"]

1. e4 e5 2. f4 exf4 3. Nf3 d5 4. exd5 Nf6 5. Bc4 Nxd5 6. O-O Be7 7. d4 O-O 8.
Bxd5 Qxd5 9. Bxf4 Qd8 10. Nc3 c6 11. Qe1 Bg4 12. Rd1 Nd7 13. Ne4 Nf6 14. Nxf6+
Bxf6 15. c3 Qd5 16. Qg3 Bh5 17. b3 Qa5 18. Be5 Bxe5 19. Qxe5 Qxe5 20. dxe5 Rfe8
21. Rd7 Rab8 22. h3 Red8 23. Rfd1 Rxd7 24. Rxd7 Kf8 25. Kf2 Bg6 26. Nd2 Ke8 27.
e6 Rd8 28. Rxd8+ Kxd8 29. exf7 Bxf7 30. Ke3 Ke7 31. h4 b6 32. a3 Bd5 33. g4 h6
34. c4 Bg8 35. Kf4 Ke6 36. g5 hxg5+ 37. hxg5 Bh7 38. Nf3 c5 39. b4 cxb4 40.
axb4 a5 41. Nd4+ Kd6 42. Nb5+ Ke7 43. bxa5 bxa5 44. Ke5 Bg8 1/2-1/2

[Event "IV Festival A"]
[Site "Cesenatico ITA"]
[Date "1999.08.??"]
[Round "1"]
[White "Vancini, Edoardo"]
[Black "Reichenbacher, Gerhard"]
[Result "1-0"]
[WhiteElo "2255"]
[BlackElo "2057"]
[PlyCount "67"]
[EventDate "1999.08.30"]

1. e4 c5 2. c3 d5 3. exd5 Qxd5 4. d4 Nc6 5. Nf3 Bg4 6. Be2 O-O-O 7. O-O Nf6 8.
h3 Bh5 9. Be3 e5 10. c4 Qd7 11. d5 Bxf3 12. Bxf3 Nd4 13. Nc3 Qf5 14. Bxd4 exd4
15. Nb5 a6 16. Qa4 Qd7 17. Na7+ Kb8 18. Nc6+ bxc6 19. dxc6 Qa7 20. b4 cxb4 21.
a3 Kc7 22. axb4 Rb8 23. c5 a5 24. Rfe1 h5 25. Qa2 Kc8 26. Qc4 Bxc5 27. Rxa5 Qb6
28. Rxc5 Qxb4 29. Qa6+ Kc7 30. Qa7+ Kc8 31. Ra1 Qb6 32. c7 Qxa7 33. cxb8=Q+
Kxb8 34. Rb1+ 1-0

[Event "IV Festival A"]
[Site "Cesenatico ITA"]
[Date "1999.08.??"]
[Round "1"]
[White "Visser, Yge"]
[Black "Danielsen, Heini"]
[Result "1-0"]
[WhiteElo "2378"]
[BlackElo "2135"]
[PlyCount "69"]
[EventDate "1999.08.30"]

1. e4 c5 2. d3 Nc6 3. g3 g6 4. Bg2 Bg7 5. f4 d6 6. Nf3 e6 7. O-O Nge7 8. c3 e5
9. Na3 Rb8 10. f5 gxf5 11. Nh4 f4 12. gxf4 Ng6 13. Nf5 Bxf5 14. exf5 Nxf4 15.
Bxf4 exf4 16. Rxf4 Qf6 17. Qh5 O-O 18. Nc4 Rbd8 19. Rh4 h6 20. Ne3 Qg5 21. Nd5
Rfe8 22. f6 Qxh5 23. Rxh5 Bf8 24. Kf2 Re5 25. Bf3 Rde8 26. Rg1+ Kh7 27. Be4+
Kh8 28. Rh4 h5 29. Rg3 Bh6 30. Rgh3 Kg8 31. Rxh5 Rxh5 32. Rxh5 Bc1 33. Bh7+ Kf8
34. Bf5 Kg8 35. Bd7 1-0

[Event "IV Festival A"]
[Site "Cesenatico ITA"]
[Date "1999.08.??"]
[Round "1"]
[White "Zama, Domenico"]
[Black "Lazzarato, Alberto"]
[Result "1/2-1/2"]
[WhiteElo "1920"]
[BlackElo "2177"]
[PlyCount "26"]
[EventDate "1999.08.30"]

1. e4 c5 2. g3 Nf6 3. Bg2 d5 4. exd5 Nxd5 5. Nc3 Nc7 6. Nh3 Nc6 7. O-O Bd7 8.
d3 e5 9. f4 Be7 10. Be3 O-O 11. Ne4 Nd5 12. Bd2 Qb6 13. Nc3 Nxc3 1/2-1/2

[Event "IV Festival A"]
[Site "Cesenatico ITA"]
[Date "1999.08.??"]
[Round "2"]
[White "Cadelli, Luciano"]
[Black "Gori, Andrea"]
[Result "1/2-1/2"]
[WhiteElo "2116"]
[BlackElo "2186"]
[PlyCount "106"]
[EventDate "1999.08.30"]

1. d4 d6 2. c4 Nf6 3. Nc3 e5 4. dxe5 dxe5 5. Qxd8+ Kxd8 6. Nf3 Nfd7 7. g3 c6 8.
Bg2 f6 9. O-O a5 10. Rd1 Kc7 11. Be3 Na6 12. Rac1 Nac5 13. b3 Rb8 14. Rd2 Be7
15. Rdc2 b6 16. Nd2 f5 17. Nf3 Ne6 18. Rd1 Bf6 19. Bc1 e4 20. Ne1 Re8 21. Ba3
Ndc5 22. e3 Bb7 23. Ne2 Rbd8 24. Rcd2 Rxd2 25. Rxd2 Rd8 26. Rxd8 Kxd8 27. Nf4
Nxf4 28. gxf4 Ne6 29. Nc2 c5 30. Kf1 Nf8 31. Ke2 Ng6 32. Bc1 Nh4 33. Bh1 h6 34.
Ne1 Bc3 35. Bd2 Bxd2 36. Kxd2 Nf3+ 37. Bxf3 exf3 38. Nd3 Ke7 39. Kc3 g5 40. Ne5
g4 41. Kd2 Ke6 42. Ng6 a4 43. Kc3 axb3 44. axb3 Bc6 45. b4 Bd7 46. Nh4 Kf6 47.
bxc5 bxc5 48. Kd3 Bc6 49. Kd2 Be4 50. Kc3 Bb7 51. Kd3 Bc6 52. Kc3 Be4 53. Kb3
Bc6 1/2-1/2

[Event "IV Festival A"]
[Site "Cesenatico ITA"]
[Date "1999.08.??"]
[Round "2"]
[White "Ciolac, Gheorghe"]
[Black "Bellincampi, Stefano"]
[Result "1-0"]
[WhiteElo "2364"]
[BlackElo "2043"]
[PlyCount "75"]
[EventDate "1999.08.30"]

1. e4 e6 2. d4 d5 3. Nc3 Nf6 4. e5 Nfd7 5. f4 c5 6. Nce2 Nc6 7. Nf3 Qb6 8. c3
cxd4 9. Nexd4 Bc5 10. g3 Nxd4 11. cxd4 Be7 12. Bd3 Nb8 13. O-O Nc6 14. Rf2 Bd7
15. Be3 f5 16. exf6 gxf6 17. a3 O-O-O 18. Rc2 Kb8 19. Bf2 Bd6 20. b4 Ne7 21.
Qe2 Rde8 22. b5 Ng6 23. a4 Qd8 24. a5 Qe7 25. b6 e5 26. bxa7+ Ka8 27. dxe5 fxe5
28. Bxg6 hxg6 29. Nxe5 Bf5 30. Bd4 Rc8 31. Rb2 Bc5 32. Qe3 Be4 33. a6 Bxd4 34.
Qxd4 bxa6 35. Rb8+ Rxb8 36. axb8=Q+ Rxb8 37. Rxa6+ Kb7 38. Qa7+ 1-0

[Event "IV Festival A"]
[Site "Cesenatico ITA"]
[Date "1999.08.??"]
[Round "2"]
[White "Costantini, Roberto"]
[Black "Naumkin, Igor"]
[Result "0-1"]
[WhiteElo "2196"]
[BlackElo "2489"]
[PlyCount "72"]
[EventDate "1999.08.30"]

1. e4 e5 2. Nf3 Nc6 3. Bb5 a6 4. Bxc6 dxc6 5. O-O Qd6 6. d3 f6 7. Be3 c5 8.
Nbd2 Bg4 9. Nc4 Qd7 10. h3 Be6 11. a4 b6 12. Qe2 Ne7 13. Rfd1 Nc6 14. c3 Qf7
15. Na3 Be7 16. Nc2 O-O 17. d4 Bc4 18. Qe1 Bb3 19. Rdc1 f5 20. dxc5 f4 21. cxb6
fxe3 22. Qxe3 cxb6 23. Qxb6 Rfc8 24. Nb4 Nxb4 25. cxb4 Rcb8 26. Qc6 Qf6 27. Qc3
Rxb4 28. Nxe5 Bd6 29. Qc6 Rf8 30. Ng4 Qe6 31. e5 Bb8 32. Qxe6+ Bxe6 33. Rc6
Bxg4 34. hxg4 Bxe5 35. Rxa6 Bd4 36. Kh1 Bxf2 0-1

[Event "IV Festival A"]
[Site "Cesenatico ITA"]
[Date "1999.08.??"]
[Round "2"]
[White "Franza, Marco"]
[Black "Brancaleoni, Maurizio"]
[Result "1-0"]
[WhiteElo "2009"]
[BlackElo "2197"]
[PlyCount "127"]
[EventDate "1999.08.30"]

1. Nf3 d5 2. g3 c6 3. Bg2 Bg4 4. c4 dxc4 5. Na3 Qd5 6. O-O b5 7. b3 cxb3 8.
axb3 Qh5 9. Qc2 Bh3 10. Bxh3 Qxh3 11. Nxb5 Qd7 12. Ne5 Qb7 13. Nd4 f6 14. Nexc6
e5 15. Na5 Qd7 16. Nf5 g6 17. Qe4 Nc6 18. Qxc6 Qxc6 19. Nxc6 gxf5 20. Rxa7 Rxa7
21. Nxa7 Bc5 22. Nb5 Ne7 23. Ba3 Bxa3 24. Ra1 O-O 25. Rxa3 Rb8 26. Nd6 Rb4 27.
Nc4 Rb7 28. Ra6 Kg7 29. Rb6 Ra7 30. f3 Ra1+ 31. Kg2 Re1 32. Rb7 Kf8 33. Kf2 Rh1
34. h4 Rh2+ 35. Kf1 f4 36. gxf4 exf4 37. Nd6 Rh1+ 38. Kg2 Rd1 39. Nc4 Re1 40.
e3 fxe3 41. dxe3 Nf5 42. Rxh7 Re2+ 43. Kf1 Ng3+ 44. Kg1 Nf5 45. Rd7 Nxe3 46.
Rd2 Rxd2 47. Nxd2 Nd5 48. Kf2 Kf7 49. Ke2 Nf4+ 50. Ke3 Ng2+ 51. Kd4 Nxh4 52. b4
Ke6 53. Kc5 Ng6 54. b5 Ne5 55. b6 Nd7+ 56. Kc6 Nxb6 57. Kxb6 Kd5 58. Kc7 Kd4
59. Kd6 Ke3 60. Ke6 Kxd2 61. f4 Ke3 62. f5 Kf4 63. Kxf6 Kg4 64. Kg6 1-0

[Event "IV Festival A"]
[Site "Cesenatico ITA"]
[Date "1999.08.??"]
[Round "2"]
[White "Gaido, Paolo"]
[Black "Albert, Marion"]
[Result "0-1"]
[WhiteElo "2154"]
[BlackElo "2103"]
[PlyCount "106"]
[EventDate "1999.08.30"]

1. Nf3 d5 2. d4 Bf5 3. e3 e6 4. Bd3 Bg6 5. O-O Nf6 6. c4 c6 7. Nc3 Bd6 8. Qe2
Ne4 9. Bxe4 dxe4 10. Nd2 Nd7 11. Ndxe4 Bxe4 12. Nxe4 Bxh2+ 13. Kxh2 Qh4+ 14.
Kg1 Qxe4 15. f3 Qg6 16. e4 Nf6 17. Bf4 Nh5 18. Bh2 Rd8 19. Rad1 O-O 20. Rd3 f5
21. Rfd1 f4 22. d5 exd5 23. cxd5 cxd5 24. Rxd5 Rxd5 25. Rxd5 Rc8 26. Qb5 Ng3
27. Rd1 h6 28. Qxb7 Rc5 29. Qd7 Rc2 30. Bxg3 fxg3 31. Qd4 Qh5 32. Qd5+ Qxd5 33.
exd5 Kf8 34. Rb1 Ke7 35. Kf1 Kd6 36. a4 Rf2+ 37. Kg1 Kxd5 38. b4 Kc4 39. b5 Ra2
40. Kf1 Rxa4 41. b6 axb6 42. Rxb6 Ra1+ 43. Ke2 Ra2+ 44. Ke3 Rxg2 45. Rg6 Kc3
46. Rxg7 h5 47. Rc7+ Kb2 48. f4 h4 49. Rh7 Rh2 50. f5 g2 51. Rg7 h3 52. f6 Rh1
53. f7 Rf1 0-1

[Event "IV Festival A"]
[Site "Cesenatico ITA"]
[Date "1999.08.??"]
[Round "2"]
[White "Iotti, Pierluigi"]
[Black "Vancini, Edoardo"]
[Result "1-0"]
[WhiteElo "2326"]
[BlackElo "2255"]
[PlyCount "49"]
[EventDate "1999.08.30"]

1. d4 d5 2. c4 e6 3. Nc3 c6 4. e3 f5 5. Nf3 Nf6 6. Bd3 Bd6 7. Ne5 Bxe5 8. dxe5
Ng4 9. f4 Na6 10. cxd5 cxd5 11. O-O O-O 12. Be2 Nh6 13. b3 Qa5 14. Nb5 Bd7 15.
Nd6 Bc6 16. Qd4 Nf7 17. Bd2 Qb6 18. Nxf7 Rxf7 19. Rfc1 Rc8 20. b4 Bd7 21. b5
Nc5 22. Bb4 Na4 23. Rxc8+ Bxc8 24. Rc1 Qxd4 25. Rxc8+ 1-0

[Event "IV Festival A"]
[Site "Cesenatico ITA"]
[Date "1999.08.??"]
[Round "2"]
[White "Lazzarato, Alberto"]
[Black "Di Lazzaro, Gabriele"]
[Result "1-0"]
[WhiteElo "2177"]
[BlackElo "2015"]
[PlyCount "97"]
[EventDate "1999.08.30"]

1. e4 c5 2. Nf3 a6 3. Nc3 e6 4. d4 cxd4 5. Nxd4 Bb4 6. a3 Bxc3+ 7. bxc3 Nf6 8.
Bd3 Qc7 9. Ne2 d5 10. exd5 exd5 11. O-O O-O 12. Bf4 Qc5 13. Be3 Qc7 14. h3 Nc6
15. c4 dxc4 16. Bxc4 Bf5 17. Bf4 Qa5 18. Bb3 Rad8 19. Qe1 Qxe1 20. Raxe1 Nd4
21. Nxd4 Rxd4 22. Be5 Rd2 23. Bc3 Rd7 24. g4 Bg6 25. f4 h6 26. f5 Bh7 27. Rf3
Rfd8 28. Rfe3 Rd1 29. Kf2 Rxe1 30. Rxe1 Rd7 31. Kf3 Kf8 32. Bxf6 gxf6 33. Re3
h5 34. Ke4 Rd1 35. Rd3 Re1+ 36. Re3 Ra1 37. Bd5 hxg4 38. hxg4 Rg1 39. Kf4 b5
40. Bb7 a5 41. Rb3 Ra1 42. Bc6 Rc1 43. Be4 Ra1 44. Ke3 Rg1 45. Bf3 Ra1 46. Kd4
Rf1 47. Kc5 a4 48. Rc3 Rb1 49. Be2 1-0

[Event "IV Festival A"]
[Site "Cesenatico ITA"]
[Date "1999.08.??"]
[Round "2"]
[White "Maio, Matteo"]
[Black "Lagrotteria, Salvatore"]
[Result "0-1"]
[WhiteElo "2137"]
[BlackElo "2204"]
[PlyCount "70"]
[EventDate "1999.08.30"]

1. e4 c5 2. Nc3 Nc6 3. g3 g6 4. Bg2 Bg7 5. d3 d6 6. Nd5 e6 7. Ne3 Nge7 8. f4
O-O 9. Nf3 Nd4 10. Nh4 Rb8 11. c3 Ndc6 12. O-O f5 13. Qe2 d5 14. e5 b5 15. Nc2
d4 16. a4 a6 17. Nf3 Qb6 18. Kh1 Rd8 19. Rd1 Bb7 20. Ng5 Bc8 21. axb5 axb5 22.
cxd4 Nxd4 23. Nxd4 cxd4 24. Bd2 b4 25. Ra4 Nd5 26. g4 h6 27. gxf5 gxf5 28. Bxd5
Rxd5 29. Rxb4 Rb5 30. Rxb5 Qxb5 31. Nf3 Qxb2 32. h4 Bb7 33. Kh2 Kh8 34. Qf2 Rd8
35. h5 Qc2 0-1

[Event "IV Festival A"]
[Site "Cesenatico ITA"]
[Date "1999.08.??"]
[Round "2"]
[White "Malesevic, Vitomir"]
[Black "Grigore, George-Gabriel"]
[Result "0-1"]
[WhiteElo "2263"]
[BlackElo "2526"]
[PlyCount "72"]
[EventDate "1999.08.30"]

1. d4 Nf6 2. Nf3 g6 3. Bf4 Bg7 4. h3 d6 5. e3 O-O 6. Nbd2 c5 7. c3 Nc6 8. Be2
cxd4 9. exd4 Nd5 10. Bg5 h6 11. Bh4 Nf4 12. O-O f5 13. Bc4+ Kh7 14. Bg3 Nh5 15.
Bh4 Qe8 16. d5 Ne5 17. Nxe5 dxe5 18. Qf3 b5 19. Bb3 Bb7 20. Rfd1 e6 21. Nf1 Nf4
22. Ne3 g5 23. g4 e4 24. Qh1 gxh4 25. gxf5 exd5 26. Rd2 Rxf5 27. Nxf5 Qg6+ 28.
Kf1 Qxf5 29. Ke1 Nd3+ 30. Kf1 e3 31. Re2 Nxf2 32. Qg2 Nxh3+ 33. Ke1 Nf4 34. Bc2
Qxc2 35. Rxc2 Nxg2+ 36. Rxg2 d4 0-1

[Event "IV Festival A"]
[Site "Cesenatico ITA"]
[Date "1999.08.??"]
[Round "2"]
[White "Marzano, Carlo"]
[Black "Prelati, Maurizio"]
[Result "0-1"]
[WhiteElo "2233"]
[BlackElo "2129"]
[PlyCount "74"]
[EventDate "1999.08.30"]

1. d4 Nf6 2. Nf3 g6 3. c4 Bg7 4. Nc3 O-O 5. e4 d6 6. Be2 e5 7. d5 a5 8. Bg5 h6
9. Bh4 Na6 10. Nd2 Qe8 11. a3 Bd7 12. b3 Nh7 13. O-O h5 14. f3 Bh6 15. Rb1 Be3+
16. Bf2 Bxf2+ 17. Rxf2 Nc5 18. b4 axb4 19. axb4 Na4 20. Nxa4 Rxa4 21. c5 Ra7
22. Qc2 Qe7 23. c6 bxc6 24. dxc6 Be6 25. Bc4 Nf6 26. Qb3 Bxc4 27. Nxc4 d5 28.
exd5 Nxd5 29. Re2 Rb8 30. b5 Qc5+ 31. Kf1 Re8 32. Rxe5 Rxe5 33. Nxe5 Ne3+ 34.
Kf2 Ng4+ 35. Kg3 Qxe5+ 36. f4 Qc5 37. b6 cxb6 0-1

[Event "IV Festival A"]
[Site "Cesenatico ITA"]
[Date "1999.08.??"]
[Round "2"]
[White "Niermann, Rainer"]
[Black "Perich, Stefano"]
[Result "1-0"]
[WhiteElo "2147"]
[BlackElo "2059"]
[PlyCount "57"]
[EventDate "1999.08.30"]

1. e4 d6 2. d4 Nf6 3. Nc3 g6 4. f4 Bg7 5. Nf3 O-O 6. Bd3 c6 7. h3 Nbd7 8. e5
Nd5 9. Ne4 N7b6 10. Bd2 Na4 11. Rb1 b5 12. b3 Nab6 13. c4 Nc7 14. O-O d5 15.
cxd5 cxd5 16. Nc5 a6 17. Ba5 Rb8 18. Qe2 Be6 19. g4 Qc8 20. Rbc1 Bxg4 21. hxg4
Qxg4+ 22. Qg2 Qc8 23. Rc2 e6 24. Ng5 h6 25. Nxf7 Rxf7 26. Qxg6 Kf8 27. Nxe6+
Qxe6 28. Bb4+ Ke8 29. Rxc7 1-0

[Event "IV Festival A"]
[Site "Cesenatico ITA"]
[Date "1999.08.??"]
[Round "2"]
[White "Nijboer, Friso"]
[Black "Cacco, Christian"]
[Result "1/2-1/2"]
[WhiteElo "2559"]
[BlackElo "2292"]
[PlyCount "81"]
[EventDate "1999.08.30"]

1. e4 c5 2. Nf3 Nc6 3. d4 cxd4 4. Nxd4 Nf6 5. Nc3 e5 6. Ndb5 d6 7. Nd5 Nxd5 8.
exd5 Nb8 9. c4 Be7 10. Be2 O-O 11. O-O Nd7 12. b3 a6 13. Nc3 f5 14. Bb2 Bf6 15.
b4 a5 16. a3 e4 17. Qb3 b6 18. Rab1 Ne5 19. Rfd1 Ba6 20. bxa5 bxa5 21. Nb5 f4
22. Bf1 Rb8 23. Bd4 Qd7 24. Qc2 Rbe8 25. Nxd6 Qxd6 26. Rb6 Qxa3 27. Rxa6 Nd3
28. Bxf6 gxf6 29. Re6 Nc5 30. Rxe8 Rxe8 31. d6 e3 32. Qe2 Kf8 33. Rd5 Re5 34.
Rd4 Ne6 35. d7 Ke7 36. d8=Q+ Nxd8 37. Rxf4 Ne6 38. Rh4 exf2+ 39. Qxf2 Ng5 40.
Rh6 Qe3 41. Qxe3 1/2-1/2

[Event "IV Festival A"]
[Site "Cesenatico ITA"]
[Date "1999.08.??"]
[Round "2"]
[White "Reichenbacher, Gerhard"]
[Black "Braun, Christian"]
[Result "1/2-1/2"]
[WhiteElo "2057"]
[BlackElo "2167"]
[PlyCount "74"]
[EventDate "1999.08.30"]

1. e4 c5 2. d3 Nc6 3. g3 e6 4. Bg2 Nf6 5. f4 d5 6. e5 Nd7 7. Nf3 Be7 8. O-O Qc7
9. Re1 b6 10. f5 exf5 11. Bf4 Qd8 12. Nc3 Ndb8 13. Nb5 O-O 14. e6 fxe6 15. Nc7
g5 16. Nxe6 Bxe6 17. Bxb8 Bf7 18. Be5 g4 19. Nd2 Nxe5 20. Rxe5 Qd7 21. Qf1 Be6
22. Rae1 Rf6 23. Bxd5 Bxd5 24. Rxe7 Qd6 25. Qf4 Qxf4 26. gxf4 Rf7 27. Nf1 Raf8
28. Ng3 Bc6 29. R1e5 Bd7 30. Kf2 Rxe7 31. Rxe7 Rf7 32. Re5 Kg7 33. Ne2 Kf6 34.
d4 Re7 35. Rxe7 Kxe7 36. dxc5 bxc5 37. Nc3 Bc6 1/2-1/2

[Event "IV Festival A"]
[Site "Cesenatico ITA"]
[Date "1999.08.??"]
[Round "2"]
[White "Rossi, Giampiero"]
[Black "Fuellgrabe, Thomas"]
[Result "0-1"]
[WhiteElo "2020"]
[BlackElo "2197"]
[PlyCount "106"]
[EventDate "1999.08.30"]

1. d4 Nf6 2. c4 g6 3. g3 Bg7 4. Bg2 O-O 5. Nc3 d6 6. Nf3 Nc6 7. O-O e5 8. dxe5
Nxe5 9. Nxe5 dxe5 10. Bg5 Qxd1 11. Rfxd1 c6 12. Rd2 Be6 13. b3 h6 14. Be3 Rfe8
15. Bc5 Nd7 16. Ba3 e4 17. Bb2 f5 18. Rad1 Ne5 19. e3 Nd3 20. Ba1 g5 21. Bf1
Ne5 22. Be2 g4 23. Na4 b6 24. Rd6 Rac8 25. R6d2 Kf7 26. h4 Bf6 27. Kf1 Rc7 28.
Bc3 Rec8 29. Rc2 Ke7 30. Bb4+ Ke8 31. Bc3 Kf7 32. Bb2 Nd7 33. Bxf6 Kxf6 34. c5
b5 35. Nb2 Ke7 36. Rdc1 Nf6 37. Nd1 Nd7 38. Ke1 Ra8 39. Kd2 Rd8 40. Ke1 Ne5 41.
Nb2 Rcd7 42. Rd1 Rxd1+ 43. Nxd1 a5 44. Rd2 Rxd2 45. Kxd2 Nd7 46. Kc3 Nxc5 47.
Kd4 Kd6 48. Kc3 b4+ 49. Kc2 a4 50. bxa4 Nxa4 51. Kb1 Kc5 52. Ba6 Kb6 53. Bf1 c5
0-1

[Event "IV Festival A"]
[Site "Cesenatico ITA"]
[Date "1999.08.??"]
[Round "2"]
[White "Rotstein, Arkadij"]
[Black "Gaiba, Paolo"]
[Result "0-1"]
[WhiteElo "2460"]
[BlackElo "2149"]
[PlyCount "98"]
[EventDate "1999.08.30"]

1. e4 e5 2. Nf3 Nc6 3. d4 exd4 4. Nxd4 Bc5 5. Nxc6 Qf6 6. Qd2 dxc6 7. Nc3 Be6
8. Bd3 h6 9. O-O Ne7 10. Qf4 Qxf4 11. Bxf4 O-O-O 12. Rae1 Bd4 13. Be3 c5 14.
Nb5 Bxe3 15. Rxe3 a6 16. Nc3 c4 17. Be2 Rd2 18. Rc1 g5 19. Kf1 Ng6 20. Ke1 Rd4
21. Rd1 Rhd8 22. Rxd4 Rxd4 23. f3 Nf4 24. Bf1 b5 25. g3 Ng6 26. Ne2 Rd8 27. Bg2
Ne5 28. f4 Nc6 29. c3 Bd7 30. Rf3 Be6 31. Rf2 Kb7 32. Ng1 Ka7 33. Rd2 Rd3 34.
Rxd3 cxd3 35. b3 Na5 36. Kd2 c5 37. fxg5 hxg5 38. e5 Kb6 39. h4 c4 40. b4 Nc6
41. Bxc6 Kxc6 42. h5 g4 43. h6 Bf5 44. Ke3 Kd5 45. Kf4 d2 46. Kxf5 d1=Q 47. Kf6
Qd3 48. Ne2 Qg6+ 49. Ke7 Qxh6 0-1